000 00664nam a2200241 a 4500
001 43364
003 BD-RjUL
005 20211209053704.0
008 160621s1948 pk b 000 0 eng
035 _a(BD-RjUL)
040 _aDLC
_cICU
_dICU
_dBD-RjUL
_beng
041 _aeng
082 0 0 _a338.954
_bKUI 1948
100 1 _aKureshi, Bashir Ahmad
_d1914-
_9133193
245 1 0 _aIndustrial planning for Pakistan.
260 _aLahore :
_bFerozsons,
_c1948
300 _aii, 170 p. ;
_c22 cm.
500 _a"Errata": leaf inserted.
504 _aBibliography: p. 169-170.
650 0 _aIndustries
_zPakistan.
_9132624
942 _2ddc
_cBK
999 _c43364
_d43364